| 000 | 00811cam a2200217 a 4500 | ||
|---|---|---|---|
| 003 | OSt | ||
| 005 | 20140109190850.0 | ||
| 008 | 131014s2013 spc|||| |||| 000 0 spa|d | ||
| 017 |
_aDL B. 18577-2013 _bBiblioteca de Catalunya |
||
| 020 | _a9788496642782 | ||
| 040 |
_aES-BaBC _bcat _cCDMR |
||
| 100 | 1 |
_aVila-Sanjuán, Sergio, _d1957- |
|
| 245 | 1 | 3 |
_aLa Cultura y la vida _b: catorce crónicas de escritores, artistas, cambios de época y aventuras creativas _cSergio Vila-Sanjuán |
| 260 |
_aBarcelona _bLa Vanguardia Ediciones _c2013 |
||
| 300 |
_a175 p. _bil. _c23 cm |
||
| 490 | 1 | _aLibros de vanguardia | |
| 500 | _aRecull d'articles publicats al diari La Vanguardia o al seu suplement de cultura | ||
| 651 | 7 |
_aBarcelona (Catalunya) _xVida intel·lectual _yS. XX _2lemac |
|
| 940 | _aBC | ||
| 942 |
_2udc _cMON |
||
| 999 |
_c6691 _d6691 |
||